Guess The Car By Country #1 - Statistics

General Stats
  • This quiz has been taken 25 times
  • The average score is 7 of 12
Answer Stats
Country Brand % Correct
Italy Ferrari
84%
Germany BMW
79%
USA Ford
79%
Sweden Volvo
79%
Japan Toyota
74%
Germany Volkswagen
68%
Italy Fiat
63%
Japan Nissan
63%
France Renault
47%
Japan Suzuki
42%
United Kingdom Mini
32%
USA Tesla
16%
No matching quizzes found
Score Distribution
Percent of People with Each Score
Percentile by Number Answered
Your Score History
You have not taken this quiz